Find the Hostess Snacks Quiz Stats

 Plays Quiz Updated May 10, 2016

Challenge
Share
Tweet
Score 0/12 Timer 01:30
15 Plays Today
% Correct
Donettes
93.3%
Mini Muffins
92.3%
Twinkies
91.8%
Fruit Pie
91.6%
Honey Buns
91.2%
Coffee Cakes
90.6%
CupCakes
88.3%
Sno Balls
87.5%
Chocodiles
78.7%
Zingers
75%
Ho Hos
70%
Ding Dongs
68.3%

You're not logged in!

Compare scores with friends on all Sporcle quizzes.
OR
Log In

You Might Also Like...

Show Comments

Extras

Top Quizzes Today


Score Distribution

Your Account Isn't Verified!

In order to create a playlist on Sporcle, you need to verify the email address you used during registration. Go to your Sporcle Settings to finish the process.

Report this User

Report this user for behavior that violates our Community Guidelines.

Details: